Object Oriented: (Record no. 174563)

MARC details
000 -LEADER
fixed length control field 00504nam a22001817a 4500
005 - DATE AND TIME OF LATEST TRANSACTION
control field 20200623162401.0
010 ## - LCCN (DPL NO)
LC control number B-147063
020 ## - INTERNATIONAL STANDARD BOOK NUMBER
International Standard Book Number 9780070583764
035 ## - SYSTEM CONTROL NUMBER
System control number B-147063
037 ## - SOURCE OF ACQUISITION
Source of stock number/acquisition Lending
082 ## - DEWEY DECIMAL CLASSIFICATION NUMBER
Classification number 004.21
100 ## - MAIN ENTRY--PERSONAL NAME
Personal name Kahate, Atul
245 ## - TITLE STATEMENT
Title Object Oriented:
Remainder of title Analysis & Design /
Statement of responsibility, etc Atul Kahate
260 ## - PUBLICATION, DISTRIBUTION, ETC. (IMPRINT)
Place of publication, distribution, etc New Delhi
Name of publisher, distributor, etc Tata McGraw-Hill
Date of publication, distribution, etc 2004
270 ## - ADDRESS
Address 7 West Patel Nagar
City New Delhi
Postal code 110008
300 ## - PHYSICAL DESCRIPTION
Extent 424p.
Dimensions 24cm(pbk)
942 ## - ADDED ENTRY ELEMENTS (KOHA)
Source of classification or shelving scheme Dewey Decimal Classification
Item type English Books
Classification part 004.21
Call number suffix KAH
Holdings
Withdrawn status Lost status Not for loan Collection code Home library Current library Date acquired Source of acquisition Full call number Barcode Copy number Koha item type Public note
      Non-fiction Central Library Central Library 23/06/2020 Lending 004.21 KAH B-147063 1 English Books Legal Case Register No. 28

© Delhi Public Library
Hit Counter
free hit counter